000 00340pab a2200145 454500
008 180718b2000 xxu||||| |||| 00| 0 eng d
100 _aBhatnagar, R.K.
245 _aPeople's participation in governance
260 _c2000
300 _ap.29-32
362 _aJun
650 _aPublic administration
773 _aYojana
909 _a45198
999 _c45198
_d45198